Discovery and exploration (Record no. 25285)

MARC details
000 -LEADER
fixed length control field 00277nam a2200109Ia 4500
082 ## - DEWEY DECIMAL CLASSIFICATION NUMBER
Classification number 910
Item number HAR
245 #0 - TITLE STATEMENT
Title Discovery and exploration
260 ## - PUBLICATION, DISTRIBUTION, ETC. (IMPRINT)
Place of publication London
Name of publisher International Learning systems
700 ## - ADDED ENTRY--PERSONAL NAME
Personal name Harrison, B
942 ## - ADDED ENTRY ELEMENTS (KOHA)
Koha item type Books
Holdings
Withdrawn status Lost status Damaged status Not for loan Home library Current library Date acquired Full call number Accession Number Koha item type
        RRII Library RRII Library 16/12/2021 910 HAR 05943 Books